The "improper" feminine (Record no. 46612)
[ view plain ]
| 000 -LEADER | |
|---|---|
| fixed length control field | 01665nam a2200409Ia 4500 |
| 082 04 - DEWEY DECIMAL CLASSIFICATION NUMBER | |
| Classification number | 823/.8099287 |
| 100 1# - MAIN ENTRY--AUTHOR NAME | |
| Personal name | Pykett, Lyn. |
| 245 15 - TITLE STATEMENT | |
| Title | The "improper" feminine |
| 260 ## - PUBLICATION, DISTRIBUTION, ETC. (IMPRINT) | |
| Place of publication | London ; |
| -- | New York : |
| Name of publisher | Routledge, |
| Year of publication | 1992. |
| 300 ## - PHYSICAL DESCRIPTION | |
| Number of Pages | xi, 235 p. |
| 650 #0 - SUBJECT ADDED ENTRY--TOPICAL TERM | |
| Topical Term | English fiction |
| Topical Term | Feminism and literature |
| Topical Term | Women and literature |
| Topical Term | English fiction |
| Topical Term | Femininity in literature. |
| Topical Term | Fiction |
| Topical Term | Sensationalism in literature. |
| Topical Term | Sex role in literature. |
| Topical Term | Sex in literature. |
| 856 40 - ELECTRONIC LOCATION AND ACCESS | |
| Uniform Resource Identifier | http://site.ebrary.com/lib/rucke/Doc?id=10061002 |
No items available.
